Fr. Conceicao Rodrigues College of Engineering

Tape Recorder Simplified (Record no. 33896)

MARC details
000 -LEADER
fixed length control field 00331nam a2200145Ia 4500
082 ## - DEWEY DECIMAL CLASSIFICATION NUMBER
Classification number 621.3
100 ## - MAIN ENTRY--PERSONAL NAME
Personal name Shahani/ D.C.
245 ## - TITLE STATEMENT
Title Tape Recorder Simplified
260 ## - PUBLICATION, DISTRIBUTION, ETC.
Name of publisher, distributor, etc. Dattsons
Place of publication, distribution, etc. Nagpur
Date of publication, distribution, etc. 1980
300 ## - PHYSICAL DESCRIPTION
Extent 111
546 ## - LANGUAGE NOTE
Language note ENGLISH
650 ## - SUBJECT ADDED ENTRY--TOPICAL TERM
Topical term or geographic name entry element Electrical Engineering
654 ## - SUBJECT ADDED ENTRY--FACETED TOPICAL TERMS
Focus term Tape Recorder Simplified
942 ## - ADDED ENTRY ELEMENTS (KOHA)
Koha item type Reference Book
Holdings
Withdrawn status Lost status Damaged status Not for loan Collection Home library Current library Shelving location Date acquired Source of acquisition Cost, normal purchase price Inventory number Total Checkouts Full call number Barcode Date last seen Cost, replacement price Price effective from Koha item type
        AFT Fr. Agnel's C.Rodrigues College of Engineering Fr. Agnel's C.Rodrigues College of Engineering   17/03/2023 UBS 18.00 T-672   621.3 AFT4814 17/03/2023 18.00 17/03/2023 Reference Book
        AFT Fr. Agnel's C.Rodrigues College of Engineering Fr. Agnel's C.Rodrigues College of Engineering   17/03/2023         AFT5999 17/03/2023   17/03/2023 Reference Book